00543nam a22001337a 4500003000200000005001700002008004100019050002200060100002800082245016500110260008500275300002800360500002100388020231106140126.0221004b xxu||||| |||| 00| 0 eng d aHG1615b.G66 2022 aAira Jaimee S. Gonzales aThe effect of risk management practices on the financial performance of selected micro, small, and medium enterprises in Las Pinas CitycAira Jaimee S. Gonzales aLas Pinas City, PhilippinesbSouthville International School and Collegescc2022 ax,117pp.c28cm.fTheses aRisk management.